000 00946nam a22003017a 4500
003 CHAP
005 20220329134716.0
008 971013s1971 r 00010 d
010 _a24573
011 _a25545
035 _a29645
040 _cCHAP
090 _aFolleto 2257
110 _aInstituto Brasileiro do Café
_959078
245 _aCómo controlar a ferrugem do cafeeiro
260 _a(s.l.) :
_bInstituto Brasileiro do Café,
_c1971
300 _a22 p.
_b: ilus
590 _aBATCH-UPD
_b10
_c20130110
_lUCH01
_h0853
590 _aBATCH-UPD
_b10
_c20130410
_lUCH01
_h0525
590 _aBATCH-UPD
_b10
_c20130914
_lUCH01
_h0808
590 _aCONVERSION
_b10
_c20130109
_lUCH01
_h1314
650 1 4 _aCafé
_xEnfermedades.
_917136
650 1 4 _aHemileia vastatrix.
_953502
901 _aBK
942 _cFOLL
949 _aFolleto 2257
_bBC
_cFOLL
_d-68595
_eTS1
_i29645
_mD
_si
949 _aFolleto 2257
_bBC
_cFOLL
_d-68596
_eTS2
_fc.2
_i29645
_mD
_si
999 _c24573
_d24573